000 nam a22 7a 4500
999 _c129297
_d129297
008 190328b xxu||||| |||| 00| 0 eng d
020 _a9781862070035
050 _aPR6063.O7938 A7
100 _aMorrison, Blake
_945512
245 _aAs if
_c/ by Blake Morrison
260 _aLondon:
_bGranta books,
_c1997
300 _a245p. ;
_c23cm.
942 _2lcc
_cMONOGRAPH